Writing research papers : (Record no. 342328)

000 -LEADER
fixed length control field 00755cam a2200229 a 4500
003 - CONTROL NUMBER IDENTIFIER
control field NUST
005 - DATE AND TIME OF LATEST TRANSACTION
control field 20171218123958.0
008 - FIXED-LENGTH DATA ELEMENTS--GENERAL INFORMATION
fixed length control field 170216b xxu||||| |||| 00| 0 eng d
020 ## - INTERNATIONAL STANDARD BOOK NUMBER
International Standard Book Number 0
040 ## - CATALOGING SOURCE
Transcribing agency 0
082 ## - DEWEY DECIMAL CLASSIFICATION NUMBER
Classification number 808.02 WEI
100 1# - MAIN ENTRY--PERSONAL NAME
Personal name Weidenborner, Stephen.
9 (RLIN) 7445
245 10 - TITLE STATEMENT
Title Writing research papers :
Remainder of title a guide to the process /
Statement of responsibility, etc. Stephen Weidenborner, Domenick Caruso.
250 ## - EDITION STATEMENT
Edition statement 5th ed.
260 ## - PUBLICATION, DISTRIBUTION, ETC.
Place of publication, distribution, etc. Islamabad :
Name of publisher, distributor, etc. NBF,
Date of publication, distribution, etc. c1982..
300 ## - PHYSICAL DESCRIPTION
Extent xv, 301p. :
Other physical details ill. ;
Dimensions 24 cm.
500 ## - GENERAL NOTE
General note H.B
650 #0 - SUBJECT ADDED ENTRY--TOPICAL TERM
Topical term or geographic name entry element Report writing.
9 (RLIN) 3246
650 #0 - SUBJECT ADDED ENTRY--TOPICAL TERM
Topical term or geographic name entry element Research.
9 (RLIN) 552
700 1# - ADDED ENTRY--PERSONAL NAME
Personal name Caruso, Domenick.
9 (RLIN) 7446
942 ## - ADDED ENTRY ELEMENTS (KOHA)
Koha item type Book
Source of classification or shelving scheme
Call number prefix IESE
Holdings
Withdrawn status Lost status Source of classification or shelving scheme Damaged status Not for loan Collection code Permanent Location Current Location Shelving location Date acquired Total Checkouts Full call number Barcode Date last seen Price effective from Koha item type
            Institute of Environmental Science and Engineering (IESE) Institute of Environmental Science and Engineering (IESE) General Stacks 12/18/2017   808.02 WEI IESE-2366 12/18/2017 12/18/2017 Book
            Institute of Environmental Science and Engineering (IESE) Institute of Environmental Science and Engineering (IESE) General Stacks 12/18/2017   808.02 WEI IESE-2365 12/18/2017 12/18/2017 Book
© 2023 Central Library, National University of Sciences and Technology. All Rights Reserved.